| 000 | 01166aam a2200313 i 4500 | ||
|---|---|---|---|
| 999 |
_c46049 _d46049 |
||
| 001 | 768714001 | ||
| 003 | CO-MdFUSB | ||
| 005 | 20201026180808.0 | ||
| 007 | ta | ||
| 008 | 200517t1922 enka|||| |||| 00| 0 eng d | ||
| 020 | _a[No incluye ISBN] | ||
| 040 |
_bspa. _aCO-MdFUSB _cCO-MdFUSB _dCO-MdFUSBC _erda |
||
| 041 | _aeng | ||
| 082 |
_223 _a227.8707 _bS425 |
||
| 100 |
_aScott, Ernest Findlay _eautor |
||
| 245 | 1 | 4 |
_aThe epistle to the Hebrews : _bIts doctrine and significance _c/ Ernest Findlay Scott |
| 264 | 1 |
_aEdinburgh, Scotland : _bT y T CLARK, _c[1922] |
|
| 264 | 4 | _c© 1922 | |
| 300 |
_a216 páginas _c; 22 cm |
||
| 336 |
_atexto _btxt _2rdacontent |
||
| 337 |
_2rdamedia _asin mediación _bn |
||
| 338 |
_2rdacarrier _avolumen _bnc |
||
| 505 | _aLos problemas literarios - Propósito y carácter - Afinidades teológicas - El trasfondo religioso - El nuevo pacto - Las dos edades y los dos mundos - El sumo sacerdocio de Cristo - La naturaleza de Cristo - La fe - El valor histórico y religioso de la epístola | ||
| 563 | _aPasta dura | ||
| 630 | 7 |
_aBiblia. _pHebreos _xTeología |
|
| 942 | _cBK | ||
| 945 | _aJTF-925 | ||